000 00722nam a2200277Ia 4500
005 20260324113014.0
008 008 260324s9999 xx 000 0 eng d
020 _a9781003470014
037 _aEBOOK
040 _aCRL
040 _beng
040 _cCRL
041 _2eng
041 _aeng
084 _qCRL
100 _aHossein Hariri Asli; Tamara Tatrishvili; Ann Rose Abraham; A. K. Haghi
_91145042
245 0 _aSustainable Water Treatment and Ecosystem Protection Strategies
260 _bTaylor and Francis
260 _c2024
365 _a
365 _b290
856 _uhttp://www.taylorfrancis.com/books/9781003470014
942 _cEBOOK
999 _c1734458
_d1734458